00345nam a2200145Ia 4500008004100000020001500041041001200056082001100068100001700079245003900096260003600135300000800171650000700179700001300186221030s9999 xx 000 0 und d a8121921910 aEnglish a105.23 aR. K. Rajput 0aMaterial Sciencecby R. K. Rajput, bS. Chand & Co.aNew Delhic2007 a509 aEE aR. Mehta